[Event "Dubai op 01st"]
[Site "Dubai"]
[Date "1999.05.04"]
[Round "4"]
[White "Mamedov, Nidjat"]
[Black "Abdel Rahim, Mohamed"]
[Result "1-0"]
[WhiteElo "2255"]
[BlackElo "2140"]
[PlyCount "53"]
[EventDate "1999.05.??"]
[EventType "swiss"]
[EventRounds "9"]
[EventCountry "UAE"]
[SourceTitle "CBM 070 Extra"]
[Source "ChessBase"]
[SourceDate "1999.07.10"]
[SourceVersion "1"]
[SourceVersionDate "1999.07.10"]
[SourceQuality "1"]

1. e4 c6 2. d4 d5 3. Nc3 dxe4 4. Nxe4 Nd7 5. Ng5 Ngf6 6. Bd3 e6 7. Qe2 c5 8. N1f3 h6 9. Nxe6 fxe6 10. Bg6+ Ke7 11. 0-0 Qc7 12. Re1 Nb6 13. dxc5 Qxc5 14. Be3 Qc4 15. Qd2 Nbd5 16. Bd4 Bd7 17. b3 Qb4 18. c3 Qa5 19. Ne5 Be8 20. b4 Qc7 21. c4 Nxb4 22. Qxb4+ Kd8 23. Qb3 Bd6 24. c5 Be7 25. Qxe6 Bxg6 26. Nxg6 Re8 27. Bxf6 1-0

[Event "Dubai op 01st"]
[Site "Dubai"]
[Date "1999.05.01"]
[Round "1"]
[White "Guliev, Sarhan"]
[Black "Abdel Rahim, Mohamed"]
[Result "1-0"]
[WhiteElo "2486"]
[BlackElo "2140"]
[PlyCount "57"]
[EventDate "1999.05.??"]
[EventType "swiss"]
[EventRounds "9"]
[EventCountry "UAE"]
[SourceTitle "CBM 070 Extra"]
[Source "ChessBase"]
[SourceDate "1999.07.10"]
[SourceVersion "1"]
[SourceVersionDate "1999.07.10"]
[SourceQuality "1"]

1. d4 Nf6 2. c4 e6 3. Nc3 Bb4 4. e3 0-0 5. Nge2 b6 6. a3 Be7 7. d5 e5 8. Ng3 d6 9. Bd3 Nbd7 10. b4 Re8 11. 0-0 Bf8 12. f4 g6 13. f5 Bg7 14. e4 Bb7 15. Ra2 c6 16. dxc6 Bxc6 17. Raf2 Rf8 18. h3 Qc8 19. Nd5 Bxd5 20. cxd5 a5 21. Rc2 Qb7 22. Bb5 Rac8 23. Bc6 Qa7 24. Qd3 Nb8 25. Be3 Rc7 26. Rfc1 Rfc8 27. Qb5 Nfd7 28. bxa5 Qxa5 29. Qxa5 1-0